000 01174nam a22003017a 4500
001 BD-DhSAU 8665
003 BD-DhSAU
005 20181218103358.0
008 150613b2016 bg a|||| m||| 00| 0 eng d
040 _aBD-DhSAU
082 _222
_a595.7
_bH2757
100 _a Hassan , Md. Mahmudul
_4Registration No. # 09-03321
245 _aIncidence and management of Rice Yellow Stem Borer and Rice Hispa on Rice variety BRRI Dhan43 /
_c Hassan , Md. Mahmudul
_bMs Thesis
260 _aSher-e-Bangla Agricultural University :
_bDepartment of Entomology,
_c2016.
300 _avii, 65p. :
_bill. ;
_c30 cm.
500 _aMS thesis of Department of Entomology, Faculty of Agriculture, Sher-e-Bangla Agricultural University, Dhaka, Bangladesh
504 _aIncludes bibliographical references.
590 _aShofi
650 _aEntomology
650 _aRice
650 _aRice Hispa
650 _aYellow Stem Borer
650 _aBRRI Dhan43
700 _aBhuiyan , Md. Serajul Islam
_eSuperviser
700 _aAkter , Tahmina
_eCo-superviser
856 _uhttp://archive.saulibrary.edu.bd:8080/xmlui/handle/123456789/1634
_yOnline Access
942 _2ddc
_cTHESIS
999 _c14131
_d14130